Flags by emoji’s level:Extreme - Statistics

General Stats
  • This quiz has been taken 25 times
  • The average score is 6 of 7
Answer Stats
Hint Answer % Correct
🇨🇾 Cyprus
96%
🇫🇯 Fiji
91%
🇦🇴 Angola
83%
🇱🇸 Lesotho
78%
🇧🇳 Brunei
74%
🇩🇲 Dominica
74%
🇲🇭 Marshall Islands
70%
No matching quizzes found
Score Distribution
Percent of People with Each Score
Percentile by Number Answered
Your Score History
You have not taken this quiz